| 000 | 00489nam a2200145Ia 4500 | ||
|---|---|---|---|
| 008 | 170221s9999 xx 000 0 und d | ||
| 100 | _aWarren Matthews | ||
| 245 | _aKeynesian excess: easy policy and slower economic growth | ||
| 245 | _cWarren Matthews, Belhaven University; Robert Driver, DeVry University. | ||
| 260 | _bJournal of Management and Marketing Research | ||
| 260 | _c2012 | ||
| 300 | _a6 : | ||
| 650 | _xBusiness | ||
| 856 | _uhttp://www.aabri.com/manuscripts/131714.pdf | ||
| 999 |
_c313409 _d313409 |
||